000 00332nam a2200133Ia 4500
008 240624s9999 xx 000 0 und d
041 _aeng
082 _a954 COR
100 _aCORBETT JIM
245 _aJUNGLE LORE
260 _c2010
_aNew Delhi
_bOxford University press
300 _axiii, : 167 : p. : cm. ; 21
365 _cRS
_b32
999 _c16636
_d16636